Born in Chichester - Statistics

General Stats
  • This quiz has been taken 13 times
    3 since last reset
  • The average score is 3 of 7
Answer Stats
Hint Answer % Correct
Former astronaut and first British ESA astronaut 1972 Tim Peake
100%
Singer, "Another Love" 1990 Tom Odell
67%
Bobsleder and 2023 European champion and vice-world champion in the four-man format 1990 Brad Hall
33%
Psychologist and creator of the school of thought of structuralism 1867 Edward B. Titchener
33%
Composer of film scores, "Shrek" "The Martian" "The Chronicles of Narnia" 1961 Harry Gregson-Williams
33%
Composer of film scores, "Hotel Rwanda" "Wonder Woman" "Hacksaw Ridge" 1966 Rupert Gregson-Williams
33%
Archbishop of Canterbury from 1660 until his death in 1663, last English cleric to hold both church and secular high office 1582 William Juxon
33%
No matching quizzes found
Score Distribution
Percent of People with Each Score
Percentile by Number Answered
Your Score History
You have not taken this quiz since the last reset